Viackriteriálne rozhodovanie v podmienkach neurčitosti diplomová práca

Gespeichert in:
Bibliographische Detailangaben
1. Verfasser: Kučerík, Peter
Körperschaft: Fakulta hospodárskej informatiky EU. Katedra aplikovanej informatiky
Weitere Verfasser: Bednár, Peter
Format: Buch
Sprache:Slowakisch
Veröffentlicht: Bratislava 2015
Tags: Tag hinzufügen
Keine Tags, Fügen Sie das erste Tag hinzu!

MARC

LEADER 00000nbm a2200000 4500
001 0203736
005 20161212115404.6
041 0 |a slo 
044 |a SK 
245 1 0 |a Viackriteriálne rozhodovanie v podmienkach neurčitosti  |b diplomová práca  |c Peter Kučerík ; školiteľ: Peter Bednár 
264 1 |a Bratislava  |c 2015 
300 |a 60 s. 
100 1 |a Kučerík, Peter 
700 1 |a Bednár, Peter 
710 2 |a Fakulta hospodárskej informatiky EU. Katedra aplikovanej informatiky